Desayuno en Tiffany's
Gardado en:
| Autor Principal: | |
|---|---|
| Formato: | Libro |
| Idioma: | Lingua castelá |
| Publicado: |
Buenos Aires
Debolsillo
2006
|
| Edición: | 2a. ed |
| Series: | Biblioteca Contemporánea
|
| Subjects: | |
| Tags: |
Engadir etiqueta
Sen Etiquetas, Sexa o primeiro en etiquetar este rexistro!
|
MARC
| LEADER | 00000nam a2200000 a 4500 | ||
|---|---|---|---|
| 001 | UCJ1280 | ||
| 003 | CL-VaPUC | ||
| 008 | 061013e20060000AG |||||||||||||||||spa|d | ||
| 020 | |a 9875661546 | ||
| 082 | 0 | 4 | |a 813 |b CAP |2 21 |
| 100 | 0 | |a Capote, Truman |e author |9 501796 | |
| 245 | 1 | 0 | |a Desayuno en Tiffany's |
| 250 | |a 2a. ed | ||
| 300 | |a 155 p | ||
| 942 | |c BK | ||
| 945 | |d 20061013 00:00:00 |a cmena | ||
| 260 | |a Buenos Aires |b Debolsillo |c 2006 | ||
| 500 | |a Incluye 3 cuentos | ||
| 650 | 0 | |a Novelas estadounidenses |9 265217 | |
| 650 | 0 | |a Literatura estadounidense |9 317168 | |
| 650 | 0 | |a Cuentos estadounidenses |9 265133 | |
| 583 | |a last modification |c 20061013 00:00:00 |k Rodrigo Vera | ||
| 490 | 0 | |a Biblioteca Contemporánea | |
| 999 | |c 317903 |d 317901 | ||
| 952 | |0 0 |1 0 |4 0 |6 813_000000000000000_CAP_2006 |7 0 |8 A |9 394972 |a BIBCUR |b BIBCUR |d 2019-11-22 |i 4286812 |l 2 |m 1 |o 813 CAP 2006 |p 4286812 |r 2025-04-22 |s 2024-04-26 |w 2019-11-22 |y BK |k PER | ||